Taylor Swift - The Black Dog (Lyrics) - Statistics

General Stats
  • This quiz has been taken 100 times
  • The average score is 251 of 304
Answer Stats
Answer % Correct
a
100%
And
100%
and
100%
do
100%
I
100%
it
100%
it-
100%
me
100%
me?
100%
of
100%
"The
100%
The
100%
the
100%
to
100%
You
100%
you
100%
your
100%
Black
98%
Dog"
98%
Dog,
98%
Dog
98%
for
98%
in
98%
In
98%
off
98%
so
98%
some
97%
too
97%
who,
97%
forgot
95%
know
95%
someone
95%
this
95%
This
95%
turn
95%
when
95%
When
95%
young
95%
am
93%
but
93%
But
93%
just
93%
location,
93%
she's
93%
shared
92%
with
92%
die
90%
don't
90%
my
90%
My
90%
song
90%
until
90%
Until
90%
was
90%
Was
90%
called,
88%
How
88%
how
88%
miss
88%
Old
88%
old
88%
screaming
88%
bar
87%
habits
87%
hear
87%
recent
87%
Into
85%
secrets
85%
That
85%
as
83%
Even
82%
jump
82%
play
82%
understand
82%
up,
82%
up
82%
walk
82%
watch
82%
Line
78%
line
78%
our
78%
plays
78%
all
77%
it's
77%
Starting
77%
starting
77%
heart
75%
hits
75%
if
75%
hope
72%
still
72%
Were
72%
events
70%
dreaming
67%
kills
67%
shower,
65%
house
63%
new
63%
Now,
63%
shitty
63%
fire
62%
pierce
62%
smoke
62%
you're
62%
believe
60%
'Cause
60%
fabric
60%
hate
60%
intertwined
60%
joke?
60%
set
60%
Six
60%
weeks
60%
breathing
58%
can't
58%
clothes
58%
holes
58%
sell
58%
come
57%
demons
57%
fun
57%
magic
57%
making
57%
Then,
57%
wanna
57%
air
55%
clean
55%
did
55%
mean
55%
body
53%
him
53%
said
53%
priest
52%
through
52%
way
52%
hire
50%
plans
50%
soaked
50%
exorcise
48%
man
48%
needed
48%
rain-
48%
remember
48%
shaking,
48%
cruel
47%
believed
45%
broken
45%
esoteric
45%
fraternity?
45%
best
43%
brave
43%
laid
43%
never
43%
open
43%
world
43%
hazing
42%
leaving
42%
proceeded
42%
tragic
42%
legs,
40%
move
40%
pledged,
40%
between
38%
longing
38%
tail
38%
those
38%
unspoken
37%
may
32%
state
3%
No matching quizzes found
Score Distribution
Percent of People with Each Score
Percentile by Number Answered
Your Score History
You have not taken this quiz